Khảo sát khả năng phòng trị bệnh thối đế củ hành tím của xạ khuẩn Streptomyces albaduncus trong điều kiện ngoài đồng và tồn trữ tại xã Vĩnh Châu, Sóc Trăng : Luận văn tốt nghiệp Cao học. Chuyên ngành Công nghệ sinh học
Khảo sát khả năng phòng trị bệnh thối đế củ hành tím của chủng xạ khuẩn Streptomyces albaduncus trong điều kiện ngoài đồng và tồn trữ ở vụ hành giống và hành sớm tại xã Vĩnh Châu, tỉnh Sóc Trăng.
保存先:
| 第一著者: | |
|---|---|
| フォーマット: | 図書 |
| 言語: | Undetermined |
| 出版事項: |
Cần Thơ
Trường Đại học Cần Thơ
2018
|
| 主題: | |
| タグ: |
タグ追加
タグなし, このレコードへの初めてのタグを付けませんか!
|
| Thư viện lưu trữ: | Trung tâm Học liệu Trường Đại học Cần Thơ |
|---|
| LEADER | 01259nam a2200217Ia 4500 | ||
|---|---|---|---|
| 001 | CTU_227633 | ||
| 008 | 210402s9999 xx 000 0 und d | ||
| 082 | |a 632.4 | ||
| 082 | |b T121 | ||
| 100 | |a Ngô, Bửu Tân | ||
| 245 | 0 | |a Khảo sát khả năng phòng trị bệnh thối đế củ hành tím của xạ khuẩn Streptomyces albaduncus trong điều kiện ngoài đồng và tồn trữ tại xã Vĩnh Châu, Sóc Trăng : | |
| 245 | 0 | |b Luận văn tốt nghiệp Cao học. Chuyên ngành Công nghệ sinh học | |
| 245 | 0 | |c Ngô Bửu Tân ; Nguyễn Đắc Khoa (Cán bộ hướng dẫn) | |
| 260 | |a Cần Thơ | ||
| 260 | |b Trường Đại học Cần Thơ | ||
| 260 | |c 2018 | ||
| 520 | |a Khảo sát khả năng phòng trị bệnh thối đế củ hành tím của chủng xạ khuẩn Streptomyces albaduncus trong điều kiện ngoài đồng và tồn trữ ở vụ hành giống và hành sớm tại xã Vĩnh Châu, tỉnh Sóc Trăng. | ||
| 650 | |a Nấm,Mushrooms | ||
| 650 | |x Bệnh và sâu bệnh,Diseases and pests | ||
| 910 | |b nthai | ||
| 980 | |a Trung tâm Học liệu Trường Đại học Cần Thơ | ||